000 00455nam a2200133Ia 4500
008 100328s9999 xx 000 0 und d
082 _b72654
100 _aपुणेकर ईशान
245 _aगोष्टी कानोकानी
260 _bमेहता पब्लिशिंग हाऊस.
630 _aगोष्टी कानोकानी
730 _aगोष्टी कानोकानी
942 _cBOOK
999 _c558375
_d558372